| 000 | 01009cam a22002775a 4500 | ||
|---|---|---|---|
| 001 | 17756900 | ||
| 005 | 20150520150522.0 | ||
| 008 | 130530t2014 nyuabd frb 001 0 eng d | ||
| 020 | _a9780393919431 (pbk.) | ||
| 040 |
_aDLC _beng _cDLC _dDLC _dEG-ScBUE |
||
| 043 | _an-us--- | ||
| 082 | 0 | 0 |
_a327.7300905 _222 _bJEN |
| 100 | 1 |
_aJentleson, Bruce W., _d1951- _938053 |
|
| 245 | 1 | 0 |
_aAmerican foreign policy : _bthe dynamics of choice in the 21st century / _cBruce W. Jentleson. |
| 250 | _a5th ed. | ||
| 260 |
_aNew York ; _aLondon : _bW. W. Norton & Company, _cc.2014. |
||
| 300 |
_a[Various pagings] : _bcharts, maps, tables ; _c23 cm. |
||
| 504 | _aIncludes bibliographical references and index. | ||
| 650 | _2BUEsh | ||
| 651 | 0 |
_aUnited States _xForeign relations _y1989- _2BUEsh |
|
| 651 | 0 |
_aUnited States _xForeign relations _y1989- _xForecasting. _2BUEsh |
|
| 651 | 0 |
_aUnited States _xForeign relations _y21st century. _2BUEsh |
|
| 653 |
_bBUSBOL _cMay2015 |
||
| 655 |
_vreading book _934232 |
||
| 942 | _2ddc | ||
| 999 |
_c19392 _d19364 |
||